000
00245nam a2200097Ia 4500
001
1021711
005
20250826231202.0
008
250824s9999 xx 000 0 und d
245
0
_a
FESLEĞEN
_c
HİKMET ANIL ÖZTEKİN
260
_b
DESTEK YAYINLARI
999
_c
1021711
_d
1021711